| 000 | 00523nam a2200181Ia 4500 | ||
|---|---|---|---|
| 003 | GCL | ||
| 008 | 140319s9999 xx 000 0 eng d | ||
| 020 | _a034536663 | ||
| 040 |
_aGCL / _cGCL |
||
| 082 | 0 | 4 |
_a813 _bB A |
| 100 | 1 | _aBEINART, WILLIAM | |
| 245 | 1 | 0 |
_aAMERICAN HERO : _bTHE BASIS FOR THE MOVIE WAG THE DOG : A NOVEL / _cBEINART, WILLIAM |
| 260 |
_aنيويورك : _bBALLANTINE BOOKS ، _c1992 |
||
| 300 |
_a18 CM ؛ _c397 P |
||
| 650 | 0 | 4 | _aAMERICAN FICTION |
| 650 | 0 | 4 | _aAMERICAN LITERATURE |
| 942 |
_2ddc _cBK |
||
| 999 |
_c4760 _d4760 |
||